[Event "Quebec op U2400"]
[Site "Montreal CAN"]
[Date "2008.07.20"]
[Round "2"]
[White "Barron, Michael"]
[Black "Keith-Jacques, Liam"]
[Result "1-0"]
[WhiteElo "2251"]
[BlackElo "2040"]
[PlyCount "105"]
[GameId "2160767910353644"]
[EventDate "2008.07.19"]
[EventType "swiss"]
[EventRounds "9"]
[EventCountry "CAN"]
[SourceTitle "EXT 2011"]
[Source "ChessBase"]
[SourceDate "2011.11.26"]
[SourceVersion "1"]
[SourceVersionDate "2011.11.26"]
[SourceQuality "1"]

1. e4 c5 2. Nf3 d6 3. d4 cxd4 4. Nxd4 Nf6 5. Nc3 a6 6. Be2 e5 7. Nb3 Be7 8. O-O O-O 9. f4 exf4 10. Bxf4 Be6 11. Nd4 Nc6 12. Nxe6 fxe6 13. Bc4 Qc8 14. a4 Ne5 15. Bb3 Rd8 16. Kh1 Kh8 17. Qd4 Nc6 18. Qc4 e5 19. Be3 Na5 20. Qxc8 Rdxc8 21. Be6 Re8 22. Nd5 Nxd5 23. Bxd5 Rf8 24. c3 Nc6 25. b4 h6 26. Kg1 Rxf1+ 27. Kxf1 Bg5 28. Bxg5 hxg5 29. Ke2 Rf8 30. b5 axb5 31. axb5 Nd8 32. Ra8 Ne6 33. Rxf8+ Nxf8 34. Bxb7 Nd7 35. Bd5 g6 36. Kd3 Nb6 37. c4 Na4 38. Kc2 Nc5 39. b6 Kg7 40. b7 Na6 41. Kb3 Kf8 42. Ka4 Ke7 43. Kb5 Nb8 44. Kb6 Kd8 45. Be6 Ke7 46. Bc8 Kd8 47. Bg4 Ke7 48. Kc7 Na6+ 49. Kc8 Ke8 50. b8=Q Nxb8 51. Kxb8 Kd8 52. Kb7 Ke8 53. Kc7 1-0

[Event "Quebec op U2400"]
[Site "Montreal CAN"]
[Date "2008.07.20"]
[Round "2"]
[White "Bolvary, Tamara"]
[Black "Barron, Irina"]
[Result "1/2-1/2"]
[WhiteElo "2046"]
[BlackElo "2106"]
[PlyCount "104"]
[GameId "2160767910353645"]
[EventDate "2008.07.19"]
[EventType "swiss"]
[EventRounds "9"]
[EventCountry "CAN"]
[SourceTitle "EXT 2011"]
[Source "ChessBase"]
[SourceDate "2011.11.26"]
[SourceVersion "1"]
[SourceVersionDate "2011.11.26"]
[SourceQuality "1"]

1. e4 c5 2. Nf3 Nc6 3. Bb5 g6 4. Bxc6 dxc6 5. d3 Bg7 6. Nc3 e5 7. Be3 b6 8. h3 Qc7 9. Qd2 f6 10. Nh4 Be6 11. f4 exf4 12. Bxf4 Qd7 13. Nf3 Ne7 14. O-O-O O-O-O 15. Kb1 Kb7 16. Bh2 Nc8 17. Qf4 Nd6 18. d4 Nb5 19. Nxb5 cxb5 20. d5 Bf7 21. Rhf1 Rhe8 22. g4 g5 23. Nxg5 Bg6 24. Nf3 Rxe4 25. Qd2 Rde8 26. Rfe1 Rxe1 27. Rxe1 Rxe1+ 28. Nxe1 Bf7 29. d6 Qe6 30. b3 Be8 31. Ng2 f5 32. Qg5 Qf6 33. Qxf6 Bxf6 34. gxf5 Bd7 35. Ne3 Bg5 36. Nd5 Bxf5 37. Be5 Bxh3 38. Nf6 h6 39. c3 Kc6 40. Kc2 Bf5+ 41. Kb2 Bxf6 42. Bxf6 Kxd6 43. a3 Kd5 44. Kc1 Ke4 45. Kd2 h5 46. Be7 Be6 47. b4 c4 48. Bd8 Kf3 49. Be7 Kg4 50. Ke3 h4 51. Bd6 h3 52. Bc7 Bd5 1/2-1/2

[Event "Quebec op U2400"]
[Site "Montreal CAN"]
[Date "2008.07.20"]
[Round "2"]
[White "Caceres Cortes, Julio"]
[Black "Voskanyan, Vahagn"]
[Result "0-1"]
[WhiteElo "2092"]
[BlackElo "2253"]
[PlyCount "66"]
[GameId "2160767910353646"]
[EventDate "2008.07.19"]
[EventType "swiss"]
[EventRounds "9"]
[EventCountry "CAN"]
[SourceTitle "EXT 2011"]
[Source "ChessBase"]
[SourceDate "2011.11.26"]
[SourceVersion "1"]
[SourceVersionDate "2011.11.26"]
[SourceQuality "1"]

1. c4 c5 2. Nc3 Nf6 3. Nf3 Nc6 4. g3 d5 5. cxd5 Nxd5 6. Bg2 Nc7 7. O-O e5 8. d3 Be7 9. Nd2 Nd4 10. Nc4 f6 11. f4 exf4 12. Bxf4 O-O 13. a4 g5 14. Bxc7 Qxc7 15. e3 Nc6 16. Bd5+ Kg7 17. Qh5 Nb4 18. Rad1 Qd8 19. Bg2 Rb8 20. d4 cxd4 21. Nb5 d3 22. Nd4 Qe8 23. Qf3 Bc5 24. h3 Bd7 25. Nf5+ Kh8 26. Kh1 Bc6 27. e4 Rd8 28. Na5 Qe5 29. Nxc6 bxc6 30. Qh5 Nc2 31. Qh6 Rf7 32. Qh5 Rb7 33. Rxd3 Rxd3 0-1

[Event "Quebec op U2400"]
[Site "Montreal CAN"]
[Date "2008.07.20"]
[Round "2"]
[White "Caire, Francois"]
[Black "Khassanov, Marat"]
[Result "1/2-1/2"]
[WhiteElo "2183"]
[BlackElo "2312"]
[PlyCount "53"]
[GameId "2160767910353647"]
[EventDate "2008.07.19"]
[EventType "swiss"]
[EventRounds "9"]
[EventCountry "CAN"]
[SourceTitle "EXT 2011"]
[Source "ChessBase"]
[SourceDate "2011.11.26"]
[SourceVersion "1"]
[SourceVersionDate "2011.11.26"]
[SourceQuality "1"]

1. d4 Nf6 2. c4 e6 3. Nc3 d5 4. Nf3 a6 5. cxd5 exd5 6. Bg5 Be7 7. Qc2 O-O 8. e3 Nbd7 9. Bd3 c6 10. O-O Re8 11. Rab1 Nf8 12. b4 Ng6 13. a4 Bd6 14. b5 a5 15. bxc6 bxc6 16. e4 Bf4 17. Bxf6 Qxf6 18. e5 Qe6 19. Ne2 Bh6 20. Ng3 Ba6 21. Bf5 Qe7 22. Rfe1 Bc4 23. e6 Bf4 24. Nh5 Bh6 25. Ng3 Bf4 26. Nh5 Bh6 27. Ng3 1/2-1/2

[Event "Quebec op U2400"]
[Site "Montreal CAN"]
[Date "2008.07.20"]
[Round "2"]
[White "Courval, Francois"]
[Black "Caire, Francois"]
[Result "0-1"]
[WhiteElo "1966"]
[BlackElo "2183"]
[PlyCount "81"]
[GameId "2160767910353648"]
[EventDate "2008.07.19"]
[EventType "swiss"]
[EventRounds "9"]
[EventCountry "CAN"]
[SourceTitle "EXT 2011"]
[Source "ChessBase"]
[SourceDate "2011.11.26"]
[SourceVersion "1"]
[SourceVersionDate "2011.11.26"]
[SourceQuality "1"]

1. e4 c5 2. Nf3 Nf6 3. e5 Nd5 4. Nc3 Nxc3 5. dxc3 Nc6 6. Bf4 Qc7 7. Qd2 e6 8. O-O-O b6 9. h4 h6 10. g4 Bb7 11. Bg2 O-O-O 12. g5 Ne7 13. gxh6 gxh6 14. Rhg1 Nf5 15. h5 Bc6 16. Nh2 Rg8 17. Bxc6 Rxg1 18. Rxg1 dxc6 19. Qe2 Bg7 20. Ng4 Kb7 21. Rd1 Rd5 22. Rxd5 cxd5 23. Qd2 Qe7 24. Nxh6 Bxh6 25. Bxh6 Qh4 26. Bg5 Qxh5 27. b3 Qf3 28. Kb2 Qe4 29. Qf4 Qe1 30. a3 Qe2 31. b4 d4 32. cxd4 cxd4 33. f3 Kb8 34. Qe4 Qxe4 35. fxe4 Ng3 36. Kb3 Nxe4 37. Bh6 b5 38. Bf8 Kb7 39. a4 a6 40. axb5 axb5 41. Bc5 0-1

[Event "Quebec op U2400"]
[Site "Montreal CAN"]
[Date "2008.07.20"]
[Round "2"]
[White "Gluckie, Jamin"]
[Black "Groleau, Gilles"]
[Result "1/2-1/2"]
[WhiteElo "2114"]
[BlackElo "1930"]
[PlyCount "76"]
[GameId "2160767910353649"]
[EventDate "2008.07.19"]
[EventType "swiss"]
[EventRounds "9"]
[EventCountry "CAN"]
[SourceTitle "EXT 2011"]
[Source "ChessBase"]
[SourceDate "2011.11.26"]
[SourceVersion "1"]
[SourceVersionDate "2011.11.26"]
[SourceQuality "1"]

1. d4 Nf6 2. c4 e6 3. Nc3 Bb4 4. f3 d5 5. a3 Bxc3+ 6. bxc3 c5 7. cxd5 exd5 8. e3 O-O 9. Bd3 Qa5 10. Ne2 cxd4 11. exd4 Re8 12. O-O Be6 13. Bg5 Nbd7 14. Bb1 h6 15. Bd2 Qa6 16. Nf4 Nf8 17. Bd3 Qd6 18. Nxe6 Nxe6 19. Re1 Nf4 20. Bb5 Rxe1+ 21. Qxe1 a6 22. Bf1 Re8 23. Qf2 g5 24. g3 Ng6 25. a4 Kg7 26. Rb1 Qd7 27. h3 Re7 28. a5 Qa4 29. c4 dxc4 30. Rb4 Qxa5 31. Rxc4 Qa1 32. Bc3 Qd1 33. d5 Qxd5 34. Rc5 Qd6 35. Rf5 Ne5 36. f4 gxf4 37. Qxf4 Qc5+ 38. Bd4 Nf3+ 1/2-1/2

[Event "Quebec op U2400"]
[Site "Montreal CAN"]
[Date "2008.07.20"]
[Round "2"]
[White "Khassanov, Marat"]
[Black "Bluvshtein, Ilia"]
[Result "1/2-1/2"]
[WhiteElo "2312"]
[BlackElo "2117"]
[PlyCount "120"]
[GameId "2160767910353650"]
[EventDate "2008.07.19"]
[EventType "swiss"]
[EventRounds "9"]
[EventCountry "CAN"]
[SourceTitle "EXT 2011"]
[Source "ChessBase"]
[SourceDate "2011.11.26"]
[SourceVersion "1"]
[SourceVersionDate "2011.11.26"]
[SourceQuality "1"]

1. d4 Nf6 2. g3 g6 3. Bg2 d5 4. c4 c6 5. Nf3 Bg7 6. O-O O-O 7. Nc3 dxc4 8. e4 b5 9. e5 Nd5 10. a4 b4 11. Ne4 Bf5 12. Nfd2 c3 13. bxc3 bxc3 14. Nb3 Na6 15. Ba3 Rb8 16. Bc5 Qc7 17. Rc1 Rfd8 18. Nxc3 Nxc3 19. Rxc3 Bxe5 20. Qe2 Nxc5 21. Rxc5 Bxd4 22. Rxc6 Qe5 23. Nxd4 Qxd4 24. Qxe7 a5 25. h4 Qxa4 26. h5 gxh5 27. Rc7 Qb3 28. Qg5+ Bg6 29. Qxa5 Rd1 30. Qg5 Rxf1+ 31. Bxf1 Qd1 32. Rc1 Qg4 33. Qe5 Rc8 34. Re1 h4 35. Be2 Qb4 36. Rd1 hxg3 37. Qxg3 Qb2 38. Qe3 Qf6 39. Qd4 Qf5 40. Qg4 Qc2 41. Bf3 h5 42. Qg5 Kg7 43. Qe5+ Kh7 44. Rd7 Rg8 45. Bg2 Qc4 46. f4 Qc2 47. Kh1 Qf2 48. Qf6 Re8 49. Rxf7+ Bxf7 50. Qxf7+ Kh6 51. Qf6+ Kh7 52. Qf5+ Kg7 53. Qg5+ Kh7 54. Qxh5+ Kg7 55. Qg5+ Kh7 56. Be4+ Rxe4 57. Qf5+ Kh6 58. Qxe4 Kh5 59. Qf5+ Kh4 60. Qg5+ Kh3 1/2-1/2

[Event "Quebec op U2400"]
[Site "Montreal CAN"]
[Date "2008.07.20"]
[Round "2"]
[White "Laptos, Krzysztof"]
[Black "Libersan, Thierry"]
[Result "1-0"]
[WhiteElo "2235"]
[BlackElo "2053"]
[PlyCount "63"]
[GameId "2160767910353651"]
[EventDate "2008.07.19"]
[EventType "swiss"]
[EventRounds "9"]
[EventCountry "CAN"]
[SourceTitle "EXT 2011"]
[Source "ChessBase"]
[SourceDate "2011.11.26"]
[SourceVersion "1"]
[SourceVersionDate "2011.11.26"]
[SourceQuality "1"]

1. b3 e5 2. Bb2 Nc6 3. c4 Nf6 4. a3 d5 5. cxd5 Nxd5 6. e3 Bd6 7. Qc2 O-O 8. Nf3 Re8 9. h4 h6 10. Nc3 Nxc3 11. Qxc3 Qe7 12. Bd3 a5 13. h5 Be6 14. Be4 Ra6 15. Bc2 Qd7 16. Nh4 Ne7 17. d4 Nc6 18. Qd3 f5 19. d5 Bb4+ 20. axb4 Nxb4 21. Qe2 Qxd5 22. O-O Nxc2 23. Qxc2 Qxb3 24. Qxb3 Bxb3 25. Nxf5 c5 26. Rac1 c4 27. f4 exf4 28. Rxf4 b5 29. Rg4 Ra7 30. Nxg7 Rc8 31. Bd4 Raa8 32. Rf1 1-0

[Event "Quebec op U2400"]
[Site "Montreal CAN"]
[Date "2008.07.20"]
[Round "2"]
[White "Me, Kevin"]
[Black "Audet-Bouchard, Nicolas"]
[Result "1/2-1/2"]
[WhiteElo "1880"]
[BlackElo "2154"]
[PlyCount "93"]
[GameId "2160767910353655"]
[EventDate "2008.07.19"]
[EventType "swiss"]
[EventRounds "9"]
[EventCountry "CAN"]
[SourceTitle "EXT 2011"]
[Source "ChessBase"]
[SourceDate "2011.11.26"]
[SourceVersion "1"]
[SourceVersionDate "2011.11.26"]
[SourceQuality "1"]

1. e4 c5 2. Nf3 Nc6 3. d4 cxd4 4. Nxd4 Nf6 5. Nc3 d6 6. Be2 e5 7. Nb3 Be7 8. O-O O-O 9. Be3 Be6 10. Kh1 d5 11. exd5 Nxd5 12. Nxd5 Qxd5 13. Qxd5 Bxd5 14. c4 Be6 15. a3 b6 16. Bf3 Bxc4 17. Bxc6 Rac8 18. Ba4 b5 19. Bxb5 Bxb5 20. Rfc1 a6 21. Nc5 Rfd8 22. a4 Bxc5 23. Bxc5 Bxa4 24. Rxa4 Rxc5 25. Rca1 Rcd5 26. g3 Rd1+ 27. Kg2 Rxa1 28. Rxa1 Rd6 29. Kf3 f6 30. h4 Kf7 31. Ra5 Ke6 32. b4 Rb6 33. Ke3 h5 34. Kd3 Rxb4 35. Rxa6+ Kf5 36. Ra3 g5 37. hxg5 fxg5 38. Ke3 h4 39. gxh4 gxh4 40. Kf3 e4+ 41. Kg2 Rb2 42. Rh3 Rd2 43. Rxh4 e3 44. Kf1 Rxf2+ 45. Ke1 Rf4 46. Rxf4+ Kxf4 47. Ke2 1/2-1/2

[Event "Quebec op U2400"]
[Site "Montreal CAN"]
[Date "2008.07.20"]
[Round "2"]
[White "Oussedik, Elias"]
[Black "Plotkin, Victor"]
[Result "0-1"]
[WhiteElo "1980"]
[BlackElo "2202"]
[PlyCount "90"]
[GameId "2160767910353656"]
[EventDate "2008.07.19"]
[EventType "swiss"]
[EventRounds "9"]
[EventCountry "CAN"]
[SourceTitle "EXT 2011"]
[Source "ChessBase"]
[SourceDate "2011.11.26"]
[SourceVersion "1"]
[SourceVersionDate "2011.11.26"]
[SourceQuality "1"]

1. e4 e5 2. Nf3 Nf6 3. Nxe5 d6 4. Nf3 Nxe4 5. Nc3 Nf6 6. d4 Be7 7. Be3 O-O 8. Qd2 c6 9. a4 d5 10. Bd3 Bb4 11. O-O Ne4 12. Bxe4 dxe4 13. Ne5 f6 14. Nc4 Be6 15. Qe2 f5 16. g3 Nd7 17. f3 exf3 18. Rxf3 Qf6 19. Rd1 Qf7 20. Ne5 Nxe5 21. dxe5 Qh5 22. Rf4 Qxe2 23. Nxe2 a5 24. Bb6 g5 25. Rf2 Bd5 26. Be3 Rae8 27. Nd4 Rxe5 28. Bxg5 Bc5 29. c3 Rfe8 30. Rdd2 Kf7 31. Bf4 Re4 32. Bc7 Kg6 33. Rf4 R4e7 34. Bxa5 Ba7 35. Kf1 Re1+ 36. Kf2 Rh1 37. c4 Rxh2+ 38. Kg1 Rh1+ 39. Kf2 Bxc4 40. g4 Kg5 41. Rxf5+ Kxg4 42. Kg2 Ree1 43. Nf3 Kxf5 44. Nxe1 Rxe1 45. Rf2+ Bxf2 0-1

[Event "Quebec op U2400"]
[Site "Montreal CAN"]
[Date "2008.07.20"]
[Round "2"]
[White "Peev, Pavel"]
[Black "Mattson, Dane"]
[Result "1-0"]
[WhiteElo "1899"]
[BlackElo "2072"]
[PlyCount "75"]
[GameId "2160767910353657"]
[EventDate "2008.07.19"]
[EventType "swiss"]
[EventRounds "9"]
[EventCountry "CAN"]
[SourceTitle "EXT 2011"]
[Source "ChessBase"]
[SourceDate "2011.11.26"]
[SourceVersion "1"]
[SourceVersionDate "2011.11.26"]
[SourceQuality "1"]

1. e4 e6 2. d4 d5 3. Nd2 Be7 4. Ngf3 Nf6 5. e5 Nfd7 6. Bd3 c5 7. c3 Nc6 8. O-O g5 9. dxc5 Ndxe5 10. Nxe5 Nxe5 11. Bb5+ Bd7 12. Bxd7+ Qxd7 13. Nf3 Nxf3+ 14. Qxf3 h5 15. b4 Qc7 16. c4 Qe5 17. Rb1 g4 18. Qd1 dxc4 19. Re1 Qc7 20. Qd4 Rg8 21. Bf4 Qc6 22. Rbd1 b5 23. Qe5 h4 24. Qh5 h3 25. f3 gxf3 26. g3 f2+ 27. Kxf2 Qg2+ 28. Ke3 Qc2 29. Qxh3 Qc3+ 30. Kf2 Qxb4 31. Rxe6 Qxc5+ 32. Be3 Qa3 33. Rc6 Qb2+ 34. Rd2 Rh8 35. Qd7+ Kf8 36. Rxb2 Rxh2+ 37. Kf3 Rxb2 38. Bh6+ 1-0

[Event "Quebec op U2400"]
[Site "Montreal CAN"]
[Date "2008.07.20"]
[Round "2"]
[White "Ramaswamy, Kishor"]
[Black "Aird, Ian"]
[Result "1/2-1/2"]
[WhiteElo "2125"]
[BlackElo "2046"]
[PlyCount "54"]
[GameId "2160767910353658"]
[EventDate "2008.07.19"]
[EventType "swiss"]
[EventRounds "9"]
[EventCountry "CAN"]
[SourceTitle "EXT 2011"]
[Source "ChessBase"]
[SourceDate "2011.11.26"]
[SourceVersion "1"]
[SourceVersionDate "2011.11.26"]
[SourceQuality "1"]

1. d4 d5 2. Nf3 Nf6 3. Bf4 c5 4. c3 cxd4 5. cxd4 Nc6 6. Nc3 Nh5 7. Bd2 e6 8. e3 Nf6 9. Ne5 Bd6 10. f4 Ne4 11. Nxe4 dxe4 12. Nxc6 bxc6 13. Qc2 Qb6 14. Qxe4 Bb7 15. Bc4 O-O 16. Bc3 c5 17. Qc2 Rac8 18. b3 cxd4 19. Bxd4 Bb4+ 20. Kf2 Qc6 21. Rhg1 Rfd8 22. Rac1 Rxd4 23. exd4 Qd6 24. Qd3 Qxf4+ 25. Ke2 Qg4+ 26. Kf2 Qf4+ 27. Ke2 Qg4+ 1/2-1/2

[Event "Quebec op U2400"]
[Site "Montreal CAN"]
[Date "2008.07.20"]
[Round "2"]
[White "Robichaud, Louis"]
[Black "Kieu, Marc-Andre"]
[Result "1-0"]
[WhiteElo "2129"]
[BlackElo "1911"]
[PlyCount "65"]
[GameId "2160767910353659"]
[EventDate "2008.07.19"]
[EventType "swiss"]
[EventRounds "9"]
[EventCountry "CAN"]
[SourceTitle "EXT 2011"]
[Source "ChessBase"]
[SourceDate "2011.11.26"]
[SourceVersion "1"]
[SourceVersionDate "2011.11.26"]
[SourceQuality "1"]

1. e4 e5 2. Nf3 Nc6 3. Bb5 a6 4. Ba4 Nf6 5. O-O Be7 6. Re1 b5 7. Bb3 O-O 8. c3 d5 9. exd5 Nxd5 10. Nxe5 Nxe5 11. Rxe5 c6 12. d4 Bd6 13. Re1 Qh4 14. g3 Qh3 15. Be3 Bg4 16. Qd3 Rae8 17. Nd2 Re6 18. a4 Rfe8 19. Bxd5 cxd5 20. Qf1 Qh5 21. axb5 Bh3 22. Qe2 Bg4 23. f3 Bh3 24. Qf2 axb5 25. Nb3 f5 26. f4 g5 27. Nc5 Bxc5 28. dxc5 gxf4 29. Bxf4 Re2 30. Rxe2 Rxe2 31. Qd4 Rg2+ 32. Kh1 Rxh2+ 33. Kxh2 1-0

[Event "Quebec op U2400"]
[Site "Montreal CAN"]
[Date "2008.07.20"]
[Round "2"]
[White "Rosen, Matthew"]
[Black "Hambleton, Aman"]
[Result "0-1"]
[WhiteElo "2170"]
[BlackElo "2012"]
[PlyCount "48"]
[GameId "2160767910353660"]
[EventDate "2008.07.19"]
[EventType "swiss"]
[EventRounds "9"]
[EventCountry "CAN"]
[SourceTitle "EXT 2011"]
[Source "ChessBase"]
[SourceDate "2011.11.26"]
[SourceVersion "1"]
[SourceVersionDate "2011.11.26"]
[SourceQuality "1"]

1. e4 e6 2. d4 d5 3. Nc3 Bb4 4. exd5 exd5 5. Bd3 Ne7 6. Nf3 Bg4 7. O-O Nbc6 8. Be3 Qd7 9. a3 Bd6 10. Nb5 f6 11. Rc1 g5 12. Re1 O-O-O 13. c4 Bf4 14. Bxf4 gxf4 15. cxd5 Nxd5 16. Qa4 Bxf3 17. Rxc6 Qg4 18. g3 fxg3 19. fxg3 a6 20. Rc5 Kb8 21. Nc3 Nb6 22. Qb4 Rxd4 23. Bf5 Rxb4 24. Bxg4 Rxg4 0-1

[Event "Quebec op U2400"]
[Site "Montreal CAN"]
[Date "2008.07.20"]
[Round "2"]
[White "Roy, Alain"]
[Black "Gueorguiev, Valentin"]
[Result "1-0"]
[WhiteElo "2140"]
[BlackElo "1653"]
[PlyCount "118"]
[GameId "2160767910353661"]
[EventDate "2008.07.19"]
[EventType "swiss"]
[EventRounds "9"]
[EventCountry "CAN"]
[SourceTitle "EXT 2011"]
[Source "ChessBase"]
[SourceDate "2011.11.26"]
[SourceVersion "1"]
[SourceVersionDate "2011.11.26"]
[SourceQuality "1"]

1. d4 g6 2. Nf3 Bg7 3. g3 c5 4. c3 Qb6 5. Bg2 cxd4 6. cxd4 Nf6 7. Nc3 d6 8. O-O O-O 9. a4 a5 10. Ra3 Nc6 11. d5 Nb4 12. e4 Bg4 13. Be3 Qd8 14. Bd4 Nd7 15. Bxg7 Bxf3 16. Bxf3 Kxg7 17. Qd4+ Ne5 18. Bd1 Kg8 19. f4 Nd7 20. Nb5 Qb6 21. Qxb6 Nxb6 22. Rc3 Rac8 23. Rff3 Na6 24. b3 Rxc3 25. Rxc3 Rc8 26. Rxc8+ Nxc8 27. Kf2 Nc5 28. Ke3 Kf8 29. Kd4 b6 30. Na3 h5 31. Nc4 e6 32. dxe6 fxe6 33. Bc2 Ke7 34. e5 d5 35. Nxa5 Kf7 36. Nc6 Nd7 37. b4 Nf8 38. a5 bxa5 39. bxa5 Ke8 40. a6 Kd7 41. Kc5 Kc7 42. Bd3 Nd7+ 43. Kb5 Nf8 44. Nd4 Na7+ 45. Ka5 Nc6+ 46. Nxc6 Kxc6 47. a7 Kb7 48. Kb5 Kxa7 49. Kc6 Kb8 50. Kd6 Kc8 51. Ke7 Nd7 52. Bxg6 Nc5 53. Kd6 Nd7 54. Bxh5 d4 55. Kxe6 d3 56. Kd5 d2 57. Kd4 Kd8 58. Kd3 Ke7 59. Kxd2 Nc5 1-0

[Event "Quebec op U2400"]
[Site "Montreal CAN"]
[Date "2008.07.20"]
[Round "2"]
[White "Trottier, Alain"]
[Black "Beaulieu, Pierre"]
[Result "0-1"]
[WhiteElo "1920"]
[BlackElo "2063"]
[PlyCount "58"]
[GameId "2160767910353662"]
[EventDate "2008.07.19"]
[EventType "swiss"]
[EventRounds "9"]
[EventCountry "CAN"]
[SourceTitle "EXT 2011"]
[Source "ChessBase"]
[SourceDate "2011.11.26"]
[SourceVersion "1"]
[SourceVersionDate "2011.11.26"]
[SourceQuality "1"]

1. Nf3 b6 2. g3 Bb7 3. Bg2 e6 4. O-O Nf6 5. d4 Be7 6. c4 O-O 7. Nc3 d5 8. Ne5 Nbd7 9. Qa4 c6 10. e4 dxc4 11. Nxc6 Bxc6 12. Qxc6 Rc8 13. Qa4 e5 14. Rd1 exd4 15. Rxd4 Bc5 16. Rd1 Qe7 17. Qxa7 Bxf2+ 18. Kxf2 Qc5+ 19. Ke2 Ng4 20. Rf1 Qd4 21. Bf4 Qd3+ 22. Ke1 Ne3 23. Bxe3 Qxe3+ 24. Ne2 Ne5 25. Rf5 c3 26. Rxe5 cxb2 27. Rd1 Rfe8 28. Red5 b1=Q 29. R5d3 Qbxd3 0-1

[Event "Quebec op U2400"]
[Site "Montreal CAN"]
[Date "2008.07.20"]
[Round "2"]
[White "Villalobos, Oscar"]
[Black "Gordon, David"]
[Result "1-0"]
[WhiteElo "2028"]
[BlackElo "2236"]
[PlyCount "59"]
[GameId "2160767910353663"]
[EventDate "2008.07.19"]
[EventType "swiss"]
[EventRounds "9"]
[EventCountry "CAN"]
[SourceTitle "EXT 2011"]
[Source "ChessBase"]
[SourceDate "2011.11.26"]
[SourceVersion "1"]
[SourceVersionDate "2011.11.26"]
[SourceQuality "1"]

1. Nf3 c5 2. g3 Nc6 3. Bg2 e5 4. d3 Be7 5. e4 d6 6. Nc3 Be6 7. a3 Qd7 8. Rb1 f6 9. Be3 Bd8 10. b4 Nd4 11. Nd5 Ne7 12. Nd2 Nxd5 13. exd5 Bg4 14. f3 Bf5 15. Ne4 Bxe4 16. fxe4 Nb5 17. Rb3 cxb4 18. axb4 a5 19. bxa5 Bxa5+ 20. Kf2 Bc3 21. Qh5+ g6 22. Qh3 Ra5 23. Rhb1 f5 24. Bb6 O-O 25. Bxa5 Bd4+ 26. Ke2 Qc8 27. c4 Na7 28. Rxb7 h5 29. Rc7 Qa6 30. Rbb7 1-0

[Event "Quebec op U2400"]
[Site "Montreal CAN"]
[Date "2008.07.20"]
[Round "2"]
[White "Ye, Ling Feng"]
[Black "Tot, Nandor"]
[Result "1/2-1/2"]
[WhiteElo "2197"]
[BlackElo "1959"]
[PlyCount "61"]
[GameId "2160767910353664"]
[EventDate "2008.07.19"]
[EventType "swiss"]
[EventRounds "9"]
[EventCountry "CAN"]
[SourceTitle "EXT 2011"]
[Source "ChessBase"]
[SourceDate "2011.11.26"]
[SourceVersion "1"]
[SourceVersionDate "2011.11.26"]
[SourceQuality "1"]

1. e4 c5 2. Nc3 d6 3. Nge2 Nf6 4. d4 cxd4 5. Nxd4 a6 6. Bg5 e6 7. f4 Qc7 8. Qf3 Nbd7 9. O-O-O b5 10. Bd3 Bb7 11. g4 Nc5 12. Bxf6 gxf6 13. Rhe1 b4 14. Nce2 Rc8 15. Kb1 Nxd3 16. Qxd3 Qc4 17. Ng3 Rg8 18. Nh5 Be7 19. h3 d5 20. exd5 Bxd5 21. Qxc4 Rxc4 22. Nf5 Rc5 23. Rd4 a5 24. Ne3 Bf3 25. Rf1 Be2 26. Re1 Bf3 27. Rc4 Rxc4 28. Nxc4 f5 29. Ne5 fxg4 30. Rg1 Bd5 31. Nxg4 1/2-1/2

[Event "Quebec op U2400"]
[Site "Montreal CAN"]
[Date "2008.07.21"]
[Round "3"]
[White "Audet-Bouchard, Nicolas"]
[Black "Villalobos, Oscar"]
[Result "1-0"]
[WhiteElo "2154"]
[BlackElo "2028"]
[PlyCount "75"]
[GameId "2160767910353665"]
[EventDate "2008.07.19"]
[EventType "swiss"]
[EventRounds "9"]
[EventCountry "CAN"]
[SourceTitle "EXT 2011"]
[Source "ChessBase"]
[SourceDate "2011.11.26"]
[SourceVersion "1"]
[SourceVersionDate "2011.11.26"]
[SourceQuality "1"]

1. e4 c5 2. Nf3 d6 3. d4 cxd4 4. Nxd4 Nf6 5. Nc3 a6 6. Be3 Ng4 7. Bg5 h6 8. Bh4 g5 9. Bg3 Bg7 10. Qd2 Nc6 11. Nb3 Nge5 12. f3 Be6 13. Nd5 Ng6 14. O-O-O b5 15. Bf2 Rb8 16. g3 Nge5 17. f4 Nc4 18. Bxc4 bxc4 19. Nd4 Bxd5 20. exd5 Nb4 21. a3 Na2+ 22. Kb1 c3 23. Qe2 Rxb2+ 24. Ka1 Qa5 25. Nc6 Qc7 26. Rb1 Qb7 27. Bd4 Bxd4 28. Nxd4 Qxd5 29. Nb3 Qxb3 30. Qxa6 Qb8 31. Qc6+ Kf8 32. fxg5 hxg5 33. Qd5 Rxh2 34. Rbf1 e6 35. Qf3 f5 36. Rxh2 Nc1 37. Rh8+ Kg7 38. Rxb8 1-0

[Event "Quebec op U2400"]
[Site "Montreal CAN"]
[Date "2008.07.21"]
[Round "3"]
[White "Barron, Irina"]
[Black "Oussedik, Elias"]
[Result "1-0"]
[WhiteElo "2106"]
[BlackElo "1980"]
[PlyCount "102"]
[GameId "2160767910353666"]
[EventDate "2008.07.19"]
[EventType "swiss"]
[EventRounds "9"]
[EventCountry "CAN"]
[SourceTitle "EXT 2011"]
[Source "ChessBase"]
[SourceDate "2011.11.26"]
[SourceVersion "1"]
[SourceVersionDate "2011.11.26"]
[SourceQuality "1"]

1. d4 e6 2. Nf3 d5 3. c4 c5 4. cxd5 exd5 5. g3 Nc6 6. Bg2 Nf6 7. O-O Be7 8. Nc3 O-O 9. Be3 cxd4 10. Nxd4 Re8 11. Bf4 a6 12. Rc1 Bg4 13. h3 Bh5 14. Be3 Qd7 15. Nxc6 bxc6 16. Na4 Rab8 17. Qc2 c5 18. Bxc5 Bxc5 19. Nxc5 Qb5 20. Nb3 Rxe2 21. Qc3 Ne4 22. Qc8+ Qe8 23. Qxa6 Rxb2 24. Qd3 Be2 25. Qxd5 Bxf1 26. Rxf1 Nf6 27. Qa5 Re2 28. Nd4 Re5 29. Qa7 Re1 30. Rxe1 Qxe1+ 31. Kh2 Re8 32. Nf5 Qe6 33. Nd4 Qe1 34. Nf5 Qe5 35. Ne3 h5 36. a4 h4 37. Ng4 Nxg4+ 38. hxg4 hxg3+ 39. fxg3 Re6 40. Qf2 Rh6+ 41. Bh3 Rf6 42. Qd2 Rd6 43. Qc2 Qa5 44. Qc8+ Rd8 45. Qc4 Qd2+ 46. Bg2 Qh6+ 47. Kg1 Qe3+ 48. Kh2 Qh6+ 49. Kg1 Rd1+ 50. Kf2 Qd2+ 51. Qe2 Qd4+ 1-0

[Event "Quebec op U2400"]
[Site "Montreal CAN"]
[Date "2008.07.21"]
[Round "3"]
[White "Beaulieu, Pierre"]
[Black "Ye, Ling Feng"]
[Result "0-1"]
[WhiteElo "2063"]
[BlackElo "2197"]
[PlyCount "52"]
[GameId "2160767910353667"]
[EventDate "2008.07.19"]
[EventType "swiss"]
[EventRounds "9"]
[EventCountry "CAN"]
[SourceTitle "EXT 2011"]
[Source "ChessBase"]
[SourceDate "2011.11.26"]
[SourceVersion "1"]
[SourceVersionDate "2011.11.26"]
[SourceQuality "1"]

1. e4 c5 2. Nc3 Nc6 3. f4 d6 4. Bc4 e6 5. Nf3 Nf6 6. d3 Be7 7. O-O O-O 8. Bb3 a6 9. Ne2 b5 10. c3 c4 11. Bc2 cxd3 12. Qxd3 g6 13. Ng3 Ng4 14. f5 d5 15. h3 Bc5+ 16. Nd4 Nxd4 17. cxd4 dxe4 18. Qxe4 Qxd4+ 19. Kh1 Nf2+ 20. Rxf2 Qxf2 21. Bh6 Bd7 22. Qh4 Bc6 23. Be4 Bxe4 24. Qxe4 Qxg3 25. Bf4 exf5 26. Qe5 Qf2 0-1